Vista normal
Vista MARC
- Rocha S., Pedro J.
Entrada Nombre personal
Número de registros utilizados en: 30
001 - NÚMERO DE CONTROL
- campo de control: 39053
003 - IDENTIFICADOR DEL NÚMERO DE CONTROL
- campo de control: OSt
005 - FECHA Y HORA DE LA ÚLTIMA TRANSACCIÓN
- campo de control: 20191114173035.0
008 - DATOS DE LONGITUD FIJA
- campo de control de longitud fija: 191114|| aca||aabn | a|a d
040 ## - FUENTE DE LA CATALOGACIÓN
- Centro catalogador/agencia de origen: OSt
- Centro/agencia transcriptor: OSt
100 ## - ENCABEZAMIENTO-NOMBRE DE PERSONA
- Nombre de persona: Rocha S., Pedro J.
670 ## - FUENTE DE DATOS ENCONTRADOS
- Cita de la fuente: Work cat.: (OSt)15644: Rocha S., Pedro J., Informe final técnico y de ejecución presupuestal del proyecto "Apoyo a la caracterización molecular de Elaeis Guineensis Jacq. proveniente de Angola", 2006